000 01338nam2a22002411 4500
001 rc\3536896
005 20250610015202.0
035 _a(NLR Aleph) 007631671
090 _a6030186
_c6030186
100 _a20130115d1969 |||y0rusy50 ca
101 0 _arus
102 _aRU
105 _ay z |||||
200 0 _aВып. 2
210 _d1969
_aБ. м.
215 _a92 с.
333 _aДля служебного пользования. Экз. № 00005
461 0 _1001rc\3536895
_12001#$aВопросы теории криминалистики и судебной экспертизы$eМатериалы науч. конференции, дек. 1969$f[Ред. коллегия: Н.С. Полевой (отв. ред.) [и др.] Вып. 2-$gЮрид. комис. при Совете Министров РСФСР. Центр. науч.-исслед. ин-т судебных экспертиз$vВып. 2
_96030180
_cМосква
_d1969
_f[Ред. коллегия: Н.С. Полевой (отв. ред.) [и др.] Вып. 2-
_nБ. и.
_oМатериалы науч. конференции, дек. 1969
_tВопросы теории криминалистики и судебной экспертизы
_vВып. 2
801 0 _aRU
_bNLR
_gpsbo
801 1 _aRU
_bELAR
_2rusmarc
852 _aNLR
_j50к/22934
942 _cBOOK
980 _aNB